01007 2200373 4500001002100000005001700021008004100038020002200079035002400101040001200125082001600137084001800153090002200171100002000193245008400213250001100297260003000308300002200338500003100360650002300391700001600414850001200430990002100442990001700463990001700480990001700497990001700514990001700531990001700548990001700565990001700582990001700599990001700616INLIS00000000002014720160726105916.0  a978-602-296-189-5 0010-051600000000581 aYOPDYOG 223a658.409 a658.409 Cak S aDEP 658.409 Cak S aCAKRA SUDARSANA a116 kiat mempertajam kinerja anak buahc/ Cakra Sudarsana ; editor, Mia Pratiwi aCet. 1 aYogyakartabLaksanac2016 a180 hlm.c; 20 cm aBibliografi : hlm. 173-179 aKecakapan Pimpinan aMia Pratiwi aYOPDYOG aCB-D.11/2016-232 a6739-KS/B.16 a6740-KS/B.16 a6741-KS/B.16 a6742-KS/B.16 a6743-KS/B.16 a6744-KS/B.16 a6745-KS/B.16 a6746-KS/B.16 a6747-KS/B.16 a6748-KS/B.16